00732 a2200193 4500020001500000040001300015082001800028100001800046245011000064250001200174260005700186300003300243538010200276650002400378650002300402700002600425700003000451856005700481 a0534533973 aDLCbDLC a174.962 bHAR1 aHarris, C. E.10aEngineering ethics: concepts and cases /cCharles E. Harris, Jr., Michael S. Pritchard, Michael J. Rabins a2nd ed. aIndia :bThomson Business Information India,cc2000. axx, 377 p. :bill. ;c24 cm. aSystem requirements for accompanying computer disc: Windows 95 or higher and an Internet browser. 0aEngineering ethics. 0aEngineering ethics1 aPritchard, Michael S.1 aRabins, Michael J.d1932- uhttp://10.250.8.41:8080/xmlui/handle/123456789/46458